<?xml version="1.0" encoding="UTF-8"?>
<record
    xmlns:xsi="http://www.w3.org/2001/XMLSchema-instance"
    xsi:schemaLocation="http://www.loc.gov/MARC21/slim http://www.loc.gov/standards/marcxml/schema/MARC21slim.xsd"
    xmlns="http://www.loc.gov/MARC21/slim">

  <leader>00339nam a22001337a 4500</leader>
  <controlfield tag="005">20170731112727.0</controlfield>
  <controlfield tag="008">170731b        xxu||||| |||| 00| 0 eng d</controlfield>
  <datafield tag="040" ind1=" " ind2=" ">
    <subfield code="c">PK-LaUMT</subfield>
  </datafield>
  <datafield tag="082" ind1=" " ind2=" ">
    <subfield code="a">ZIAC 297</subfield>
    <subfield code="b">DUA-</subfield>
  </datafield>
  <datafield tag="245" ind1=" " ind2=" ">
    <subfield code="a">Dua e Jamilah/</subfield>
  </datafield>
  <datafield tag="260" ind1=" " ind2=" ">
    <subfield code="a">&#x62F;&#x6CC;&#x644;&#x6CC;:</subfield>
    <subfield code="b">&#x6A9;&#x62A;&#x628; &#x62E;&#x627;&#x646;&#x6C1; &#x627;&#x634;&#x627;&#x639;&#x62A; &#x627;&#x644;&#x627;&#x633;&#x644;&#x627;&#x645;&#x60C;</subfield>
    <subfield code="c">] [</subfield>
  </datafield>
  <datafield tag="300" ind1=" " ind2=" ">
    <subfield code="a">[ ]</subfield>
  </datafield>
  <datafield tag="942" ind1=" " ind2=" ">
    <subfield code="c">BK</subfield>
  </datafield>
  <datafield tag="999" ind1=" " ind2=" ">
    <subfield code="c">95975</subfield>
    <subfield code="d">95975</subfield>
  </datafield>
  <datafield tag="952" ind1=" " ind2=" ">
    <subfield code="0">0</subfield>
    <subfield code="1">0</subfield>
    <subfield code="4">0</subfield>
    <subfield code="7">0</subfield>
    <subfield code="a">01</subfield>
    <subfield code="b">01</subfield>
    <subfield code="d">2017-07-31</subfield>
    <subfield code="l">0</subfield>
    <subfield code="o">ZIAC 297 DUA-</subfield>
    <subfield code="p">111616</subfield>
    <subfield code="r">2017-07-31 00:00:00</subfield>
    <subfield code="w">2017-07-31</subfield>
    <subfield code="y">BK</subfield>
  </datafield>
</record>
